000
00261nam a2200121 a 4500
008
100921s1950|||| d
245
1
0
_a
Básne
100
1
_a
Endre, Ady
260
_b
Pravda
_a
Bratislava
_c
1950
020
_c
50
044
_a
xo
_c
SK
041
_a
slo
999
_c
10550
_d
10550